00527nam a2200157Ia 4500001000900000003000500009008004100014010001100055040000900066100002800075245017700103260003100280300001000311650002400321710002400345Para_129CHAP220125s1993 xx 000 0 und d a198699 cCHAP aBujanos Muñiz, Rafael aManejo integrado de la palomilla dorso de diamante Plutella Xylostella (L.)(Lepidoptera :b yponomeutidae) en el bajio, México /c por Rafael Bujanos Muñiz, (y otros) aMéxico, D.F. :b INIFAP a35 p. aPlutella Xylostella aI. INIFAP. México